000 00317nam a2200121Ia 4500
008 171205s9999 xx 000 0 und d
020 _a9781473980990
100 _aDykes, Fiona Ballantine
245 _aCounselling Skills and Studies
250 _a2nd ed.
260 _bSAGE Publications
_c2017
300 _a320 pages
999 _c347383
_d347383